Govt. of
Madhya Pradesh

The Ideals of Indian Art (Record no. 38261)

MARC details
000 -LEADER
fixed length control field 003090000a22001450004500
003 - CONTROL NUMBER IDENTIFIER
control field MACL
040 ## - CATALOGING SOURCE
Original cataloging agency MACL
090 ## - LOCALLY ASSIGNED LC-TYPE CALL NUMBER (OCLC); LOCAL CALL NUMBER (RLIN)
-- 38677
-- 38675
100 ## - MAIN ENTRY--PERSONAL NAME
Personal name Havell, E B
245 ## - TITLE STATEMENT
Title The Ideals of Indian Art
260 ## - PUBLICATION, DISTRIBUTION, ETC. (IMPRINT)
Name of publisher, distributor, etc. John Murray
Date of publication, distribution, etc. 1911
650 ## - SUBJECT ADDED ENTRY--TOPICAL TERM
Topical term or geographic name as entry element Fine Art
942 ## - ADDED ENTRY ELEMENTS (KOHA)
Koha item type Library Membar
Call number prefix 700/HAV
951 ## - EQUIVALENCE OR CROSS-REFERENCE--GEOGRAPHIC NAME/AREA NAME [OBSOLETE] [CAN/MARC only]
-- 700/HAV BOOK

No items available.